书目信息 |
| 题名: |
图书馆建筑设计规范
|
|
| 作者: | ;中国建筑西北设计研究院 主编 | |
| 分册: | ||
| 出版信息: | 北京 中国建筑工业出版社 1999 |
|
| 页数: | 87页 | |
| 开本: | 26cm | |
| 丛书名: | ||
| 单 册: | ||
| 中图分类: | TU242.3 | |
| 科图分类: | ||
| 主题词: | 民用建筑--建筑设计 | |
| 电子资源: | ||
| ISBN: | ||
| 000 | 00685nam0 2200205 450 | |
| 001 | 0738348238 | |
| 005 | 20070727172333.76 | |
| 010 | @dCNY12.00 | |
| 091 | @a15112.9550 | |
| 100 | @a20070726d1999 km y0chiy0120 ea | |
| 101 | 0 | @achi |
| 102 | @aCN@b110000 | |
| 200 | 1 | @a图书馆建筑设计规范@Atu shu guan jian zhu she ji gui fan@f中国建筑西北设计研究院主编@Fzhong guo jian zhu xi bei she ji yan jiu yuan zhu bian |
| 210 | @a北京@c中国建筑工业出版社@d1999 | |
| 215 | @a87页@d26cm | |
| 606 | 0 | @a民用建筑@x建筑设计 |
| 690 | @aTU242.3@v3 | |
| 711 | 02 | @a中国建筑西北设计研究院@Azhong guo jian zhu xi bei she ji yan jiu yuan@4主编 |
| 801 | 0 | @aCN@bPFT@c20070727 |
| 905 | @a10447@dTU242.3@e387 | |
| 图书馆建筑设计规范/中国建筑西北设计研究院主编.-北京:中国建筑工业出版社,1999 |
| 87页;26cm |
| ISBN :CNY12.00 |
| ● |
| 相关链接 |
|
|
|
|
正题名:图书馆建筑设计规范
索取号:TU242.3/387
 
预约/预借
| 序号 | 登录号 | 条形码 | 馆藏地/架位号 | 状态 | 备注 |
| 1 | 0785420 | 207854204 | 第二样本阅览室/ [索取号:TU242.3/387] | 在馆 |